Diseño de un sistema básico de administración de equipo e implementación práctica en la zona del MOPT.

में बचाया:
ग्रंथसूची विवरण
मुख्य लेखक: Retana Zúñiga, Luis Fernando
स्वरूप: पुस्तक
प्रकाशित: [San José , Costa Rica] 1995
विषय:
टैग: टैग जोड़ें
कोई टैग नहीं, इस रिकॉर्ड को टैग करने वाले पहले व्यक्ति बनें!

MARC

LEADER 00000nam a2200000Ia 4500
003 007655
005 20221231144254.0
008 140114s1995 cr a m 000 ||s d
040 |c cru CEDI 
090 |a TFG 3268 
100 |a Retana Zúñiga, Luis Fernando  |9 10745 
245 |a Diseño de un sistema básico de administración de equipo e implementación práctica en la zona del MOPT. 
260 |c 1995  |a [San José , Costa Rica] 
300 |a  ix, [306] hojas : ilustraciones.  
500 |a  Proyecto de graduacion (licenciatura en ingenieria civil)--Universidad de Costa Rica. Facultad de Ingeniería. Escuela de Ingenieria Civil 
650 |x COSTA RICA.. MINISTERIO DE OBRAS PUBLICAS Y TRANSPORTES. SISTEMA BASICO DE ADMINISTRACION  |x MAQUINAS - MANTENIMIENTO Y REPARACION  |9 10746 
942 |c TFG 
999 |c 19399  |d 19399